ბათუმის შოთა რუსთაველის სახელმწიფო უნივერსიტეტის ბიბლიოთეკა

ძირს სიმინდის რესპუბლიკია:ერთმანეთზე გადაწებებული ამონაჭრების კრებული (ბიბ.ჩანაწერი № 43170)

000 -LEADER
fixed length control field 01010nam a2200265Ia 4500
001 - CONTROL NUMBER
control field 9892
003 - CONTROL NUMBER IDENTIFIER
control field GE_BSU
008 - FIXED-LENGTH DATA ELEMENTS--GENERAL INFORMATION
fixed length control field 181216s||||||||xx |||||||||||||| ||und||
020 ## - INTERNATIONAL STANDARD BOOK NUMBER
International Standard Book Number 9992898682
040 ## - CATALOGING SOURCE
Transcribing agency GE_BSU
080 ## - UNIVERSAL DECIMAL CLASSIFICATION NUMBER
Universal Decimal Classification number 821.353.1-31
100 ## - MAIN ENTRY--PERSONAL NAME
Personal name მორჩილაძე,აკა
245 ## - TITLE STATEMENT
Title ძირს სიმინდის რესპუბლიკია:ერთმანეთზე გადაწებებული ამონაჭრების კრებული
245 ## - TITLE STATEMENT
Remainder of title რომანი
245 ## - TITLE STATEMENT
Statement of responsibility, etc. ყდის დიზაინი: თამაზ ვარვარიძე
250 ## - EDITION STATEMENT
Edition statement 1-ლი გამოც.
260 ## - PUBLICATION, DISTRIBUTION, ETC.
Place of publication, distribution, etc. თბილისი.
260 ## - PUBLICATION, DISTRIBUTION, ETC.
Name of publisher, distributor, etc. ბაკურ სულაკაურის გამ-ბა.
260 ## - PUBLICATION, DISTRIBUTION, ETC.
Date of publication, distribution, etc. 2003.
300 ## - PHYSICAL DESCRIPTION
Extent 160გვ;20სმ.
653 ## - INDEX TERM--UNCONTROLLED
Uncontrolled term რომანი
653 ## - INDEX TERM--UNCONTROLLED
Uncontrolled term ძირს სიმინდის რესპუბლიკია
942 ## - ADDED ENTRY ELEMENTS (KOHA)
Koha item type წიგნი
ეგზემპლარები
Withdrawn status Lost status Damaged status Not for loan Date acquired Barcode Date last seen Price effective from Koha item type
        2018-12-17 32874 2018-12-17 2018-12-17 წიგნი
        2018-12-17 32925 2018-12-17 2018-12-17 წიგნი